哪些火车站是东南-西北向的?扫雷模式 - Statistics

General Stats
  • This quiz has been taken 16 times
  • The average score is 5 of 11
Answers on the Grid
Answers color-coded by a green-red scale on the quiz's grid according to % correct below.
西宁
太原南
北京南
丹东
二连
霍尔果斯
天府机场
三亚
广州南
深圳北
杭州东
杭州
无锡
徐州东
济南西
武昌
齐齐哈尔
大庆东
襄阳东
南宁
石家庄
乌鲁木齐
 
Answer Stats
Answer % Correct
广州南
71%
杭州东
71%
太原南
57%
丹东
57%
乌鲁木齐
57%
无锡
50%
深圳北
43%
大庆东
43%
西宁
36%
天府机场
29%
二连
21%
No matching quizzes found
Score Distribution
Percent of People with Each Score
Percentile by Number Answered
Your Score History
You have not taken this quiz